00505 a2200157 4500010001400000020002300014035001300037037001500050082001100065100001800076245007800094260003800172270005900210300002800269500005000297 aENG-89278 a81773527672c40.00 aEN-72811 bDBAD / PUB14a954.311 aRengaraju, G.1 aColonical design and Dravidian awakening in Tamil Nadu /cby G. Rengaraju aChennaibPavai Publicationsc2006 a142, Jani Jan Khan Road, Royapettah,bChennaie660 014 axvii, 101p.c21cm (Pbk) aIncludes bibliographical references and index